Psychologické aspekty smenovej práce /

Gespeichert in:
Bibliographische Detailangaben
Hauptverfasser: Daniel, Jozef (Verfasst von), Kubalák, Milan (Verfasst von)
Format: Buch
Veröffentlicht: Bratislava : Práca, 1988
Tags: Tag hinzufügen
Keine Tags, Fügen Sie das erste Tag hinzu!

MARC

LEADER 00000nam a22000003a 4500
001 stu16992
005 20150617225758.1
008 ------s1988----cs----------------------d
040 |a STU  |b slo 
041 0
044 |a cs 
080 |a 331.015.14 
100 1 |a Daniel, Jozef  |4 aut 
245 1 |a Psychologické aspekty smenovej práce /  |c [aut.]Daniel,Jozef, Kubalák,Milan a kol 
260 |a Bratislava :  |b Práca,  |c 1988 
300 |a 182 s :  |b Tab.,grafy,lit 
700 1 |a Kubalák, Milan  |4 aut 
996 |b C82387  |c C*82387  |l CCXIV  |s P  |a 0  |w stu16992_0001